ARRUPE JESUIT UNIVERSITY

CORONAVIRUS -STOP THE SPREAD - CLEAN,DISINFECT,COVER

The mugwe, (Record no. 125306)

MARC details
000 -LEADER
fixed length control field 00965cam a22002651 4500
001 - CONTROL NUMBER
control field 6076900
003 - CONTROL NUMBER IDENTIFIER
control field ARRUPE
005 - DATE AND TIME OF LATEST TRANSACTION
control field 20160921115927.0
008 - FIXED-LENGTH DATA ELEMENTS--GENERAL INFORMATION
fixed length control field 721108s1959 enkabc b 000 0 eng
010 ## - LIBRARY OF CONGRESS CONTROL NUMBER
LC control number 59003468
015 ## - NATIONAL BIBLIOGRAPHY NUMBER
National bibliography number GB59-10374
035 ## - SYSTEM CONTROL NUMBER
System control number (OCoLC)489664
040 ## - CATALOGING SOURCE
Original cataloging agency DLC
Transcribing agency ODaWU
Modifying agency OCoLC
-- Uk
-- DLC
050 00 - LIBRARY OF CONGRESS CALL NUMBER
Classification number GN495.5
Item number .B46
082 ## - DEWEY DECIMAL CLASSIFICATION NUMBER
Classification number 572.96762
300 ## - PHYSICAL DESCRIPTION
Other physical details illus., ports., maps.
Dimensions 20 cm.
100 1# - MAIN ENTRY--PERSONAL NAME
Personal name Bernardi, Bernardo.
9 (RLIN) 26039
245 14 - TITLE STATEMENT
Title The mugwe,
Remainder of title a failing prophet; a study of a religious and public dignitary of the Meru of Kenya.
Statement of responsibility, etc With a foreword by Daryll Forde.
260 ## - PUBLICATION, DISTRIBUTION, ETC. (IMPRINT)
Place of publication, distribution, etc London,
-- New York,
Name of publisher, distributor, etc Published for the International African Institute by the Oxford University Press,
Date of publication, distribution, etc 1959.
300 ## - PHYSICAL DESCRIPTION
Extent xiv, 211 p.
504 ## - BIBLIOGRAPHY, ETC. NOTE
Bibliography, etc Bibliography: p. [205]-206.
610 20 - SUBJECT ADDED ENTRY--CORPORATE NAME
Corporate name or jurisdiction name as entry element Meru (African people)
9 (RLIN) 26040
650 #0 - SUBJECT ADDED ENTRY--TOPICAL TERM
Topical term or geographic name as entry element Kings and rulers, Primitive
9 (RLIN) 26041
906 ## - LOCAL DATA ELEMENT F, LDF (RLIN)
a 7
b cbc
c oclcrpl
d u
e ncip
f 19
g y-gencatlg
942 ## - ADDED ENTRY ELEMENTS (KOHA)
Source of classification or shelving scheme Library of Congress Classification
Koha item type Monograph ( Printed materials)
Holdings
Withdrawn status Lost status Source of classification or shelving scheme Damaged status Not for loan Collection code Home library Current library Shelving location Date acquired Total Checkouts Full call number Barcode Date last seen Price effective from Koha item type
    Library of Congress Classification     Main Collection ARRUPE LIBRARY ARRUPE LIBRARY Main Collection 21/09/2016   GN495.5 .B46 46500010094 09/04/2018 21/09/2016 Monograph ( Printed materials)

 

Arrupe Library. PO Box MP320 Mt Pleasant, Harare, Zimbabwe
263 242 745411|librarian@aju.ac.zw